| 000 | 00669nam a2200217 a 4500 | ||
|---|---|---|---|
| 001 | 71850 | ||
| 003 | BD-RjUL | ||
| 005 | 20211209082153.0 | ||
| 008 | 170508s1950 pk o000 0 eng | ||
| 035 | _a(BD-RjUL)72066 | ||
| 040 |
_aDLC _cMnU _dDLC _dBD-RjUL _beng |
||
| 041 | _aeng | ||
| 082 |
_a351.8 _223 _bPAK 1950 |
||
| 110 | 1 |
_aPakistan. _bDevelopment Board. _9212734 |
|
| 245 | 1 | 0 |
_aPakistan development schemes : _bapproved between January 1948 and February 1950. |
| 260 |
_aKarachi : _cDevelopment Board, _b 1950. |
||
| 300 |
_a75 p. ; _c25 cm. |
||
| 650 | 0 |
_aPublic works _zPakistan. _9212535 |
|
| 710 |
_aPakistan _bDevelopment Board. _9212542 |
||
| 942 |
_2ddc _cBK |
||
| 999 |
_c71850 _d71850 |
||